Gaming Quiz

Random Gaming or Minecraft Quiz

Minecraft Objects Quiz Stats

 Plays Quiz not verified by Sporcle

Score 0/116 Timer 13:00
0 Plays Today
Description Name % Correct
MOOO!Cow
27.3%
SSSSSSSSSS....BOOMTNT
23.2%
Oink!Pork
21.2%
See-throughGlass
20.2%
Got ____?Milk
19.2%
A mini treeSapling
19.2%
UnbreakableBedrock
18.2%
Give off very little light, used in circuitsRedstone Torch
18.2%
DO NOT STEP ONPressure Plate
18.2%
Uhhhhhhh...brains.Zombie
18.2%
AHHHHHHHHHHHHHHHHHHHHHHHHHHHHHHHH!! MY HOUSE!!!!!Creeper
18.2%
Subject to extreme gravity compared to most blocksGravel
17.2%
On the headHelmet
17.2%
In a galleryPainting
17.2%
Dig a hole, Dig a hole, Dig a hole.Shovel
16.2%
Yeehaw!Saddle
16.2%
Top layer is usually this.Dirt
15.2%
Rareish, near waterClay
15.2%
Alaskan loggers probably don't use theseAxe
15.2%
Got wool?Sheep
15.2%
Bwak, bok bok bok. COCK-A-DOODLE-DOOChicken
15.2%
EgyptSand
14.1%
Pyromaniacs love theseFlint and Steel
14.1%
'East? I thought you said weest?''That's west Patrick. Your'e fired again.' Compass
14.1%
Bad children get thisCoal
14.1%
Omega-3 oils found hereFish
14.1%
Arrgh, walk these!Wood
13.1%
Back in the days of Knights-errantSword
13.1%
On the wristWatch
13.1%
There are bowls? They are useful?Mushroom Stew
13.1%
White or wheat?Bread
13.1%
It's a LIBRARY!Bookcase
13.1%
DO NOT READ THIS...Sign
13.1%
Most abundant oreCoal Ore
12.1%
Necessary for human life, but probably not yoursWater
12.1%
Bright as the sunLightstone
12.1%
Tink! Tink!Pickaxe
12.1%
Tills dirt.Hoe
12.1%
Feet tooBoots
12.1%
Description Name % Correct
Used to make roller coastersMinecart
12.1%
DO NOT PUSHButton
12.1%
Nice to look at, not to touchLava
11.1%
Green all year longLeaves
11.1%
Robin WoodBow
11.1%
Caution: HOTFire
11.1%
Go to he-I mean the NetherlandsPortal
11.1%
Found 8 blocks above the bottom of the mapDiamond Ore
10.1%
Solid SteelIron Block
10.1%
Rock the ____Boat
10.1%
DO NOT PULLLever
10.1%
Lost some weightSkeleton
10.1%
Sounds like spaghettiSpider
10.1%
Slightly rarer oreIron Ore
9.1%
Only in dungeonsMossy Cobblestone
9.1%
Woah, I'm...slower?Slow Sand
9.1%
Doesn't make as good of a pie than #37Apple
9.1%
Tastes better grilledGrilled Pork
9.1%
Useless piece of garbage that some people think are 'fun' to readBook
9.1%
Remids me of fighting ganondorf, what with the deflecting and allGhast
9.1%
Most common of all blocks ever.Air
8.1%
Not referring to the hair-cutBowl
8.1%
On the bodyChestplate
8.1%
The item you will likely never get without an editorGolden Apple
8.1%
Up and downLadder
8.1%
Such a slobPig
8.1%
BaaaWool
7.1%
IIII'MMMM READY!!!Sponge
7.1%
Used to make pensFeather
7.1%
Worn by motorcycle ridersLeather
7.1%
Used in circuitsRedstone Dust
7.1%
PokeyCactus
7.1%
Invented by the ChineseGunpowder
6.1%
Between US and MexicoFence
6.1%
Oooh, shinyDiamond Block
5.1%
DeforestationLog
5.1%
Bob the Builder, can he craft it?Workbench
5.1%
A cousin of the cinder blockBrick
5.1%
Makes a great piePumpkin
5.1%
Description Name % Correct
The walrus is missing hisBucket
5.1%
You have to burn the ropeTorch
5.1%
Probably on a clarinet, I don't know where else this is.Reed
5.1%
Gotten by a Skeleton killing a creeperYellow Record
5.1%
Looks like someone didn't eat their _____ies!Wheat
5.1%
This is made of solid steel with a nice chrome finishIron Door
5.1%
Is very rarely placed by the map, very common for players to placeCobblestone
4%
No school todaySnow
4%
In a 1920's dinerJukebox
4%
Fine on Peaceful, but otherwise...Mob Spawner
4%
Fort KnoxGold Bar
4%
Second most common blockRock
3%
Very common at the bottom of the mapRedstone Ore
3%
Need 8 of these and something else for a special itemGold Block
3%
Common in the NetherlandsNetherstone
3%
Protects your future childrenLegs
3%
Made from clarinetsPaper
3%
The most fun thing to play with, period.String
3%
VroomPowered Minecart
3%
Only for decoration purposesFlower
3%
This is made of solid oak with a nice varnished surfaceWood Door
3%
Travels in groupsZombie Pigmen
3%
Found towards the bottom middleGold Ore
2%
Gives some headaches, others a delicious treatIce
2%
Link found many of these on his journeyChest
2%
Looks like white chocolateIron Ingot
2%
Girls best friend (be specific)Diamond Gem
2%
Some rock that is over-obsessed about on SurvivorFlint
2%
Same as above, only more eco-friendlyGreen Record
2%
Looks like a brown stoneBrown Mushroom
2%
Walked up and down, all day long.Stair Block
1%
Patience is requiredFishing Rod
1%
Not in trees, apparentlyStick
1%
Stupid box is in my seatStorage Minecart
1%
Found in dark areasRed Mushroom
1%
Like the beginning of the end of PortalFurnace
0%
Never hit that growth spurtHalf Block
0%
Same as above only on the groundTracks
0%

You're not logged in!

Compare scores with friends on all Sporcle quizzes.
OR
Log In

Sporcle TV

Today on Sporcle TV


Watch our educational content, quiz creation guides, and fun videos on Sporcle TV.

Show Comments

Extras

Top Quizzes Today


Score Distribution

Your Account Isn't Verified!

In order to create a playlist on Sporcle, you need to verify the email address you used during registration. Go to your Sporcle Settings to finish the process.

Report this User

Report this user for behavior that violates our Community Guidelines.

Details: